| 000 | 00838nam a2200217 i 4500 | ||
|---|---|---|---|
| 001 | 189078 | ||
| 003 | SpMaBN | ||
| 005 | 20260525062938.0 | ||
| 008 | 190327s1944 ag |||| | spa d | ||
| 080 | _a821.161.1-32"18" | ||
| 100 | 1 |
_aChejov, Anton Pavlovich. _938315 |
|
| 245 | 1 | 0 |
_aHistoria de una anguila y otras historias / _cAntón Chejov ; [traducción del ruso por Saturnino Ximénez]. |
| 250 | _a1ª ed. popular para la colección austral. | ||
| 260 |
_a[Buenos Aires] : _bEspasa-Calpe, _c[1944] ( _fCía. Gral. Fabril Financiera) |
||
| 300 |
_a152 p. ; _c18 cm. |
||
| 490 | 1 |
_aColección austral ; _v418 |
|
| 700 | 1 |
_aGiménez Enrich, Saturnino. _9149333 |
|
| 830 | 0 |
_aColección austral _v418 _9177655 |
|
| 852 |
_aES-MaACL _jL-32250 _z. - Donat. herederos de la bibl. de Mª del Pilar Costa Palacín |
||
| 999 |
_c189078 _d189078 |
||